000 00693nam a2200205 i 4500
001 bg
100 1 _aSTRUSKI, Józef
245 0 _aQuasi-statyczne modelowanie sterowności samochodu :
_bmonografia 144 /
_cJózef Struski.
260 _aKraków :
_bPK,
_c1993.
300 _a187 s. :
_bwykr. ;
_c24 cm.
490 1 _aMonografia / Politechnika Krakowska im. Tadeusza Kościuszki,
_x0860-097X ;
_v144
504 _aBibliogr. s. 174-179.
710 _aPOLITECHNIKA KRAKOWSKA (Kraków)
830 0 _aMonografia (Politechnika Krakowska im. Tadeusza Kościuszki) ;
_v144
040 _cBPK
041 _apol
080 _a629.113.001
942 _cKS
008 s pl f |000 0 pol
999 _c29994
_d29994
856 _uhttp://koha.tu.koszalin.pl/cgi-bin/koha/opac-detail.pl?biblionumber=29994
_yKatalog online BPK